000 02048nam a22002417a 4500
005 20251206101705.0
008 220722b ||||| |||| 00| 0 eng d
020 _a978938386689
040 _cAloy
041 _aeng
082 _223
_a657.46
_bMEHI
100 _aH C Mehrotra
_9248099
245 _aIncome tax including tax planning and management
_b: assessment year 2022-23 Ed 43
250 _a43
260 _aAgra
_bSahitya Bhawan Publications
_c2022
300 _axvi,983p
_bPB
_c26x20cm
365 _2Commerce
_a3050
_b640.00
_c
_d800.00
_e20%
_f20-07-2022
520 _aThe present 43rd edition of the Income Tax including Tax Planning & Management book has been thoroughly revised in the light of the amendments made by The Income Tax Act, 1961; The Income Tax Rules, 1962, (as amended up-to-date) SALIENT FEATURES OF THE BOOK : Even the last minute changes in the law have been incorporated in this revised edition of the book and as such it is the latest and most update book on Income Tax for the Assessment Year 2022-23. Further, the amendments made by the Finance Act, 2022, applicable for the Assessment Year 2022-23, have been incorporated in the book. The present edition of the book has several unparalleled features which make it distinct from other available text books on Income Tax. A simplified, systematic approach to the understanding of a complex subject written in a unique, simple and easy to understand language. User-friendly examination-oriented style facilitating easy comprehension of each topic. A unique feature of the revised edition is that Section-wise Index has been incorporated. The language of the book is simple and lucid. Small illustrations and examples are given for ticklish law points so as to make them easy and self-explanatory for students to understand the subject. All important case laws and circulars/notifications reported upto June 2022 have been incorporated.
650 _aIncome Tax
_952741
650 _aNon Taxable Income
_952742
700 _aGoyal S P
_952744
942 _2ddc
_cBK
999 _c224117
_d224117